Megastädte der Welt - Statistiken

Allgemein
  • Dieses Quiz wurde 237 mal gespielt
  • Das Durchschnittsergebnis liegt bei 22 aus 30
Antwortstatistiken
Land Einwohnerzahl gesuchte Stadt % Korrekt
Japan 38.001.018 Tokio
99%
USA 18.593.220 New York
94%
Ägypten 18.771.769 Kairo
93%
China 20.383.994 Peking
93%
Türkei 14.804.116 Istanbul
92%
Großbritannien 10.313.307 London
92%
Mexiko 20.998.543 Mexiko Stadt
92%
Russland 12.165.704 Moskau
92%
Frankreich 10.843.285 Paris
92%
Argentinien 15.180.176 Buenos Aires
91%
China 23.740.778 Shanghai
89%
USA 12.309.530 Los Angeles
88%
Indien 21.042.538 Mumbai
88%
Brasilien 21.066.245 Sao Paulo
85%
Indonesien 10.323.142 Jakarta
81%
Peru 10.480.000 Lima
79%
Indien 25.703.168 Delhi
78%
Philippinen 12.946.263 Manila
78%
Bangladesch 17.598.228 Dhaka
73%
Japan 20.237.645 Osaka
73%
Nigeria 13.122.829 Lagos
70%
Brasilien 12.902.306 Rio de Janeiro
69%
Dem. Rep. Kongo 11.586.914 Kinshasa
63%
Indien 14.864.919 Kalkutta
60%
China 12.458.130 Guangzhou
57%
Pakistan 16.617.644 Karatschi
44%
China 10.749.473 Shenzhen
35%
China 11.210.329 Tianjin
21%
Indien 10.087.132 Bengaluru
16%
China 13.331.579 Chongqing
15%
Keine übereinstimmenden Quizze gefunden
Verteilung der Resultate
Anzahl Personen mit jedem Resultat
Perzentil nach korrekt beantworteten Fragen
Ihre Resultats-Entwicklung
Sie haben dieses Quiz noch nicht gespielt